000 00883cam a2200289 a 4500
001 4994870
003 OSt
005 20161115185841.0
008 990219s2000 enk 001 0 eng c
010 _a 99022362
020 _a0750630027
040 _aDNLM/DLC
_cDLC
_dDLC
050 0 0 _aRC480.5
_b.S673 2000
060 1 0 _aWM 100
_bS819p 1999
082 0 0 _aWM420 S34p 2000
_221
100 1 _aStein, Samuel M.; Jennifer Stein.
_9110
245 1 0 _aPsychotherapy in Practice:
_bA life in the mind
260 _aOxford ;
_bButterworth-Heinemann,
_c2000.
300 _ax, 358 p. ;
_c24 cm.
504 _aIncludes index.
650 0 _aPsychotherapists
_9111
650 0 _aPsychiatry
_9112
856 4 2 _3Publisher description
_uhttp://www.loc.gov/catdir/enhancements/fy0640/99022362-d.html
906 _a7
_bcbc
_corignew
_d1
_eocip
_f19
_gy-gencatlg
942 _2z
_cO_SHELF
999 _c34
_d34